[Event "BCF-chT 2425 (4NCL)"]
[Site "England"]
[Date "2025.02.15"]
[Round "5.46"]
[White "McKay, Roderick M"]
[Black "Eggleston, David"]
[Result "1-0"]
[WhiteElo "2171"]
[BlackElo "2338"]
[PlyCount "43"]
[EventDate "2024.11.23"]
[EventType "team-swiss"]
[EventRounds "11"]
[EventCountry "ENG"]
[SourceTitle "CB14_2025"]
[SourceDate "2024.11.01"]
[SourceVersion "1"]
[SourceVersionDate "2024.11.01"]
[SourceQuality "1"]
[WhiteTeam "Alba"]
[BlackTeam "Cheddleton"]
[WhiteTeamCountry "ENG"]
[BlackTeamCountry "ENG"]

1. d4 Nf6 2. Nc3 e6 3. a3 d5 4. Bf4 Bd6 5. Bg3 0-0 6. e3 c5 7. Nf3 Nc6 8. dxc5 Bxc5 9. Bd3 Qe7 10. 0-0 h6 11. e4 d4 12. Na4 e5 13. Nxc5 Qxc5 14. b4 Qb6 15. b5 Na5 16. Bxe5 Rd8 17. Qd2 Nh7 18. Bxd4 Qc7 19. Be5 Qb6 20. Qc3 Bg4 21. Bc7 Qg6 22. Ne5 1-0

[Event "Rilton Cup 52nd"]
[Site "Stockholm"]
[Date "2024.12.30"]
[Round "4"]
[White "Chan, Kim Yew"]
[Black "Eggleston, David"]
[Result "1/2-1/2"]
[WhiteElo "2274"]
[BlackElo "2345"]
[PlyCount "69"]
[EventDate "2024.12.27"]
[EventType "swiss"]
[EventRounds "9"]
[EventCountry "SWE"]
[SourceTitle "CB02_2025"]
[SourceDate "2025.01.08"]
[SourceVersion "1"]
[SourceVersionDate "2025.01.08"]
[SourceQuality "1"]

1. Nf3 Nf6 2. c4 e6 3. g3 d5 4. d4 Be7 5. Bg2 0-0 6. 0-0 dxc4 7. Qc2 a6 8. a4 Bd7 9. Qxc4 Bc6 10. Bg5 Bd5 11. Qc2 Be4 12. Qc1 Nc6 13. e3 h6 14. Bxf6 Bxf6 15. Nbd2 Bd3 16. Rd1 Nb4 17. Qc3 a5 18. Nc4 Bxc4 19. Qxc4 c6 20. h4 Rc8 21. Rac1 Qe7 22. Nh2 h5 23. b3 b6 24. e4 Qd7 25. e5 Be7 26. Qe2 g6 27. Be4 Nd5 28. Qf3 Kg7 29. Rc2 Rfd8 30. Nf1 Qe8 31. Kg2 Qd7 32. Ne3 Nb4 33. Rcd2 Nd5 34. Rc2 Nb4 35. Rcd2 1/2-1/2

[Event "BCF-chT 2324 (4NCL)"]
[Site "England"]
[Date "2024.05.06"]
[Round "11.3"]
[White "Slaby, Jerzy"]
[Black "Eggleston, David"]
[Result "1/2-1/2"]
[WhiteElo "2469"]
[BlackElo "2334"]
[PlyCount "124"]
[EventDate "2023.11.11"]
[EventType "team-tourn"]
[EventRounds "11"]
[EventCountry "ENG"]
[SourceTitle "EXT 2025"]
[Source "ChessBase"]
[SourceDate "2024.10.14"]
[SourceVersion "1"]
[SourceVersionDate "2024.10.14"]
[SourceQuality "1"]
[WhiteTeam "The Sharks"]
[BlackTeam "Cheddleton"]
[WhiteTeamCountry "ENG"]
[BlackTeamCountry "ENG"]

1. Nf3 Nf6 2. g3 d5 3. Bg2 e6 4. 0-0 Be7 5. d3 0-0 6. Nbd2 Nc6 7. e4 dxe4 8. dxe4 e5 9. c3 a5 10. Qc2 Bc5 11. Nc4 Re8 12. Ne3 h6 13. Rd1 Qe7 14. Nh4 Qf8 15. h3 Rd8 16. Nd5 Nxd5 17. exd5 Ne7 18. b4 axb4 19. cxb4 Bd4 20. Bb2 Nxd5 21. a3 c6 22. Bxd4 exd4 23. Rxd4 Be6 24. Qb2 Nb6 25. Rxd8 Qxd8 26. b5 Nc4 27. Qc3 cxb5 28. Bxb7 Ra7 29. Be4 Qd6 30. Qe1 Rxa3 31. Rd1 Qb6 32. Kg2 Ra2 33. Rd3 Nd6 34. Bf3 Kh8 35. Rc3 Qd4 36. Re3 Qf6 37. Bg4 Ra1 38. Qb4 Ra2 39. Nf3 Bc4 40. Qc5 g6 41. h4 Rc2 42. Qa7 h5 43. Bd7 Kg7 44. g4 hxg4 45. Bxg4 Bd5 46. Rd3 Be4 47. Re3 Qf4 48. Bd7 Qf6 49. Bg4 b4 50. Kg3 Rc3 51. Ng5 Rxe3+ 52. fxe3 Qe5+ 53. Kh3 Qb2 54. Ne6+ Kh6 55. Nf4 Qc3 56. Ne2 Qf6 57. Ng3 Bd3 58. e4 Nxe4 59. Qe3+ Kg7 60. Nxe4 Bxe4 61. Qxe4 b3 62. Be2 Qf5+ 1/2-1/2

[Event "Rilton Cup 51st"]
[Site "Stockholm"]
[Date "2023.12.28"]
[Round "2"]
[White "Dylag, Emilia"]
[Black "Eggleston, David"]
[Result "0-1"]
[WhiteElo "2092"]
[BlackElo "2353"]
[PlyCount "83"]
[EventDate "2023.12.27"]
[EventType "swiss"]
[EventRounds "9"]
[EventCountry "SWE"]
[SourceTitle "CBM 218 Extra"]
[Source "ChessBase"]
[SourceDate "2024.03.31"]
[SourceVersion "1"]
[SourceVersionDate "2024.03.31"]
[SourceQuality "1"]

1. d4 e6 2. c4 f5 3. Nc3 Nf6 4. Qc2 Bb4 5. e3 b6 6. Bd3 Bb7 7. f3 c5 8. Nge2 Nc6 9. a3 cxd4 10. exd4 Bd6 11. b4 a6 12. Be3 Bb8 13. 0-0-0 Ne7 14. d5 exd5 15. Bd4 0-0 16. g4 dxc4 17. Bxc4+ Kh8 18. gxf5 b5 19. Bb3 Nc6 20. Bc5 a5 21. Nxb5 axb4 22. axb4 Re8 23. Nec3 Ne5 24. Rhe1 Bxf3 25. Kb2 Bxd1 26. Rxd1 Nc6 27. Bd6 Bxd6 28. Nxd6 Rf8 29. Qg2 Qe7 30. b5 Ne5 31. b6 Nfg4 32. b7 Ra6 33. Qd2 Nf2 34. Qxf2 Rxd6 35. Qa7 Nc6 36. Qa8 Rxd1 37. Nxd1 Qe5+ 38. Nc3 Qxh2+ 39. Ka3 Qb8 40. Qa6 Qd6+ 41. Kb2 Qd2+ 42. Bc2 0-1

[Event "GBR-ch 109th"]
[Site "Leicester"]
[Date "2023.07.26"]
[Round "5"]
[White "Eggleston, David"]
[Black "Pert, Richard G"]
[Result "0-1"]
[WhiteElo "2358"]
[BlackElo "2421"]
[PlyCount "94"]
[EventDate "2023.07.22"]
[EventType "swiss"]
[EventRounds "9"]
[EventCountry "ENG"]
[SourceTitle "CBM 215 Extra"]
[Source "ChessBase"]
[SourceDate "2023.09.30"]
[SourceVersion "1"]
[SourceVersionDate "2023.09.30"]
[SourceQuality "1"]

1. e4 g6 2. d4 Bg7 3. Nf3 c6 4. c4 d6 5. h3 Nd7 6. Nc3 e5 7. d5 c5 8. Be3 a6 9. Be2 Bh6 10. Qd2 Bxe3 11. Qxe3 Qe7 12. g4 h6 13. Nd2 b6 14. h4 Ndf6 15. Qg3 Qd7 16. g5 hxg5 17. Qxg5 Nh5 18. Bxh5 Rxh5 19. Qg3 Qg4 20. Qxg4 Bxg4 21. f3 Bd7 22. 0-0-0 Nf6 23. Rdf1 Ke7 24. f4 Ng4 25. Nf3 exf4 26. Ne2 Ne3 27. Nxf4 Nxf1 28. Rxf1 Rh6 29. e5 Bf5 30. exd6+ Kxd6 31. Ng5 Ra7 32. h5 Re7 33. hxg6 fxg6 34. Rf2 Rh1+ 35. Kd2 Rb1 36. Nd3 b5 37. b3 Ra1 38. Nc1 bxc4 39. bxc4 Rb7 40. Ne2 Rxa2+ 41. Ke3 Re7+ 42. Kf3 Raxe2 43. Rxe2 Bg4+ 44. Kxg4 Rxe2 45. Kf3 Re7 46. Ne4+ Rxe4 47. Kxe4 a5 0-1

[Event "BCF-chT 2223 (4NCL)"]
[Site "England"]
[Date "2023.01.15"]
[Round "4.1"]
[White "Eggleston, David"]
[Black "Clarke, Connor"]
[Result "1-0"]
[WhiteElo "2354"]
[BlackElo "1941"]
[PlyCount "125"]
[EventDate "2022.10.22"]
[EventType "team-swiss"]
[EventRounds "11"]
[EventCountry "ENG"]
[SourceTitle "CBM 213 Extra"]
[Source "ChessBase"]
[SourceDate "2023.05.31"]
[SourceVersion "1"]
[SourceVersionDate "2023.05.31"]
[SourceQuality "1"]
[WhiteTeam "Cheddleton"]
[BlackTeam "Chessable White Rose II"]
[WhiteTeamCountry "ENG"]
[BlackTeamCountry "ENG"]

1. e4 Nf6 2. e5 Nd5 3. d4 d6 4. Nf3 dxe5 5. Nxe5 g6 6. Bc4 Be6 7. 0-0 Bg7 8. Re1 0-0 9. Bb3 a5 10. c3 Nd7 11. Nf3 c5 12. Ng5 Nc7 13. Nxe6 Nxe6 14. Bxe6 fxe6 15. d5 Nf6 16. dxe6 Qxd1 17. Rxd1 Ra6 18. Be3 Rc8 19. Na3 Rxe6 20. h3 Kf7 21. Nb5 a4 22. Rab1 Ne4 23. Bf4 Rb6 24. c4 Rcc6 25. f3 Nd6 26. Bxd6 exd6 27. f4 Bf8 28. Rd5 Rc8 29. Rbd1 Re8 30. Rxd6 Bxd6 31. Nxd6+ Rxd6 32. Rxd6 Re4 33. Rd7+ Ke6 34. Rxh7 Rxc4 35. Rxb7 Rxf4 36. Rb6+ Kf7 37. a3 Kg7 38. Re6 Rc4 39. Kf2 Rc1 40. Re2 c4 41. Kf3 c3 42. bxc3 Rxc3+ 43. Re3 Rc4 44. g4 Kf6 45. Kg3 Rc2 46. Rd3 Ke5 47. Re3+ Kd4 48. Rf3 g5 49. h4 gxh4+ 50. Kxh4 Ke5 51. Kg5 Rc8 52. Rf5+ Ke6 53. Rf4 Rc3 54. Rxa4 Kf7 55. Rf4+ Kg7 56. a4 Rc1 57. a5 Ra1 58. Rf5 Ra4 59. Rb5 Kf7 60. Kf5 Ra2 61. g5 Rc2 62. Rb7+ Kg8 63. a6 1-0

[Event "Rilton Cup 50th"]
[Site "Stockholm"]
[Date "2023.01.04"]
[Round "8"]
[White "Eggleston, David"]
[Black "Milikow, Elie"]
[Result "0-1"]
[WhiteElo "2359"]
[BlackElo "2427"]
[PlyCount "96"]
[EventDate "2022.12.27"]
[EventType "swiss"]
[EventRounds "9"]
[EventCountry "SWE"]
[SourceTitle "CBM 212 Extra"]
[Source "ChessBase"]
[SourceDate "2023.03.31"]
[SourceVersion "1"]
[SourceVersionDate "2023.03.31"]
[SourceQuality "1"]

1. e4 c5 2. Nf3 e6 3. d4 cxd4 4. Nxd4 a6 5. Nc3 b5 6. Bd3 Bb7 7. 0-0 Nc6 8. Nxc6 Bxc6 9. Re1 Ne7 10. Qd2 b4 11. Nd1 Ng6 12. Ne3 Bc5 13. a3 a5 14. axb4 axb4 15. Rxa8 Qxa8 16. Nc4 0-0 17. Qg5 d5 18. exd5 Bxd5 19. b3 f5 20. Bb2 Qb7 21. Qg3 Be7 22. Ra1 Rd8 23. Bf1 Be4 24. Qe3 Qd5 25. Ra5 Qc6 26. Ra7 Rd1 27. Ra1 Rxa1 28. Bxa1 Bxc2 29. Ne5 Nxe5 30. Qxe5 Bf8 31. Bb5 Qc8 32. Qb2 Be4 33. Bc4 Kf7 34. h3 Qc6 35. Bf1 Qd5 36. Qa2 Qd1 37. Qa7+ Kg8 38. Qa6 Bd5 39. Be5 Bxb3 40. Bg3 h6 41. Qc8 Kf7 42. Qc7+ Be7 43. Be5 Ba4 44. Qb7 Qd7 45. Qa6 Bc6 46. Bc4 Qb7 47. Qa1 Bxg2 48. Bxg7 Bxh3 0-1

[Event "Rilton Cup 50th"]
[Site "Stockholm"]
[Date "2023.01.03"]
[Round "7"]
[White "Koelle, Tobias"]
[Black "Eggleston, David"]
[Result "1/2-1/2"]
[WhiteElo "2439"]
[BlackElo "2359"]
[PlyCount "60"]
[EventDate "2022.12.27"]
[EventType "swiss"]
[EventRounds "9"]
[EventCountry "SWE"]
[SourceTitle "CBM 212 Extra"]
[Source "ChessBase"]
[SourceDate "2023.03.31"]
[SourceVersion "1"]
[SourceVersionDate "2023.03.31"]
[SourceQuality "1"]

1. d4 Nf6 2. c4 e6 3. Nc3 Bb4 4. Qc2 0-0 5. e4 d5 6. e5 Ne4 7. Bd3 c5 8. Nf3 cxd4 9. Nxd4 Nd7 10. Bf4 Ndc5 11. 0-0 Bxc3 12. bxc3 Nxd3 13. Qxd3 b6 14. cxd5 exd5 15. Rac1 Qd7 16. Rfd1 Qa4 17. Rc2 Ba6 18. Qe3 Rac8 19. Rdc1 Rc4 20. Nf5 Rxc3 21. Rxc3 Nxc3 22. Qxc3 Qxf4 23. Ne7+ Kh8 24. Nxd5 Qe4 25. Qa3 Rd8 26. Qxa6 Qxd5 27. h3 Qd7 28. Qc4 Kg8 29. Kh2 h6 30. f4 Qf5 1/2-1/2

[Event "Rilton Cup 50th"]
[Site "Stockholm"]
[Date "2022.12.30"]
[Round "4"]
[White "Horvath, Dominik"]
[Black "Eggleston, David"]
[Result "1-0"]
[WhiteElo "2502"]
[BlackElo "2359"]
[PlyCount "81"]
[EventDate "2022.12.27"]
[EventType "swiss"]
[EventRounds "9"]
[EventCountry "SWE"]
[SourceTitle "CBM 212 Extra"]
[Source "ChessBase"]
[SourceDate "2023.03.31"]
[SourceVersion "1"]
[SourceVersionDate "2023.03.31"]
[SourceQuality "1"]

1. d4 Nf6 2. c4 e6 3. Nc3 Bb4 4. Qc2 0-0 5. e4 d6 6. e5 dxe5 7. dxe5 Ng4 8. Nf3 Nc6 9. Bf4 Nd4 10. Qd2 Nxf3+ 11. gxf3 Qxd2+ 12. Kxd2 Nh6 13. Bxh6 gxh6 14. a3 Bxc3+ 15. Kxc3 f6 16. Rg1+ Kh8 17. Bd3 fxe5 18. Rg3 Bd7 19. Re1 Bc6 20. Rxe5 Rf6 21. f4 Raf8 22. b4 Be8 23. f5 exf5 24. Re7 R6f7 25. Rge3 Bd7 26. c5 c6 27. Bc4 Rxe7 28. Rxe7 Rd8 29. a4 a6 30. a5 Bc8 31. Rc7 h5 32. h4 Re8 33. Bf7 Rd8 34. f4 h6 35. Kc4 Rf8 36. Kd4 Rd8+ 37. Ke5 Rf8 38. Kf6 Kh7 39. Re7 Rd8 40. Ba2+ Kh8 41. Kg6 1-0

[Event "ISL-chT Kvika 2223"]
[Site "Reykjavik"]
[Date "2022.10.16"]
[Round "5.3"]
[White "Gretarsson, Andri Ass"]
[Black "Eggleston, David"]
[Result "1/2-1/2"]
[WhiteElo "2267"]
[BlackElo "2354"]
[PlyCount "108"]
[EventDate "2022.10.13"]
[EventType "team-tourn"]
[EventRounds "10"]
[EventCountry "ISL"]
[SourceTitle "CBM 213 Extra"]
[Source "ChessBase"]
[SourceDate "2023.05.31"]
[SourceVersion "1"]
[SourceVersionDate "2023.05.31"]
[SourceQuality "1"]
[WhiteTeam "Taflfelag Gardjabaejar"]
[BlackTeam "Vikingaklubburinn"]
[WhiteTeamCountry "ISL"]
[BlackTeamCountry "ISL"]

1. e4 e6 2. d3 d5 3. Nd2 Nf6 4. g3 dxe4 5. dxe4 Bc5 6. Bg2 e5 7. Ngf3 Nc6 8. 0-0 0-0 9. h3 a5 10. a4 h6 11. c3 Re8 12. Nh4 Qe7 13. Qf3 Nh7 14. Nf5 Qf6 15. g4 Ne7 16. Re1 Ng6 17. Nf1 Nh4 18. Qg3 Nxg2 19. Kxg2 Nf8 20. h4 h5 21. g5 Qc6 22. Qf3 Bxf5 23. exf5 Qxf3+ 24. Kxf3 g6 25. Ng3 Nd7 26. b3 Bf8 27. Be3 Rad8 28. Rad1 b6 29. Rd2 Nc5 30. Rxd8 Rxd8 31. Bxc5 bxc5 32. Rxe5 Rb8 33. fxg6 fxg6 34. Re6 Kg7 35. Ra6 Rxb3 36. Ne4 Bd6 37. Rxa5 Kf7 38. Ke3 Rb1 39. Nxc5 Rh1 40. Ne4 Rxh4 41. Rd5 Ke6 42. c4 Rh1 43. Rb5 Ra1 44. c5 Ra3+ 45. Ke2 Be5 46. a5 c6 47. Rb6 Rxa5 48. f3 Ra2+ 49. Ke3 Kd5 50. Rb7 Bd4+ 51. Kf4 Be5+ 52. Ke3 Ra3+ 53. Ke2 Ra2+ 54. Kd3 Ra3+ 1/2-1/2

[Event "GBR-ch 108th"]
[Site "Torquay"]
[Date "2022.08.16"]
[Round "4"]
[White "Storey, Charles"]
[Black "Eggleston, David"]
[Result "0-1"]
[WhiteElo "2167"]
[BlackElo "2331"]
[PlyCount "134"]
[EventDate "2022.08.13"]
[EventType "swiss"]
[EventRounds "9"]
[EventCountry "ENG"]
[SourceTitle "CBM 209 Extra"]
[Source "ChessBase"]
[SourceDate "2022.09.30"]
[SourceVersion "1"]
[SourceVersionDate "2022.09.30"]
[SourceQuality "1"]

1. Nf3 Nf6 2. g3 d5 3. Bg2 e6 4. d3 Be7 5. 0-0 0-0 6. Nbd2 Nc6 7. d4 Ne4 8. e3 Nxd2 9. Bxd2 b5 10. Qe2 b4 11. Rfc1 a5 12. Qe1 Ba6 13. c3 Qd7 14. Bf1 Rfb8 15. c4 Bxc4 16. Bxc4 dxc4 17. Rxc4 Bd6 18. Rac1 Rb6 19. e4 e5 20. d5 Ne7 21. Be3 Rb7 22. Nd2 f5 23. f3 h5 24. Nb3 h4 25. gxh4 fxe4 26. fxe4 Ng6 27. Qg3 Nf4 28. Bxf4 exf4 29. Qf3 Qe7 30. Nd4 Qxh4 31. Kh1 Rf8 32. Rg1 Rbb8 33. Nf5 Rxf5 34. exf5 Rf8 35. Qe4 Qh3 36. Rc2 Qxf5 37. Qxf5 Rxf5 38. Rcg2 Rf7 39. Rf1 Rf5 40. Rd2 a4 41. Kg2 a3 42. bxa3 bxa3 43. Kf3 Re5 44. Kg4 Re4 45. Kf5 Re5+ 46. Kg4 Re4 47. Rf3 Re1 48. Rfd3 Kf7 49. Rf2 Rg1+ 50. Kf5 g6+ 51. Ke4 Re1+ 52. Kf3 Kf6 53. Re2 Rc1 54. Ke4 g5 55. h3 Rb1 56. Rg2 Re1+ 57. Kd4 Kf5 58. Rf2 Rc1 59. Rdd2 Bc5+ 60. Kd3 Bxf2 61. Rxf2 Rh1 62. Rc2 Rxh3+ 63. Kd4 Rh7 64. Rc5 Kg4 65. Ke5 f3 66. Kf6 f2 67. Rc1 Kg3 0-1

[Event "GBR-ch 108th"]
[Site "Torquay"]
[Date "2022.08.15"]
[Round "3"]
[White "Davies, Nigel Rodney"]
[Black "Eggleston, David"]
[Result "1-0"]
[WhiteElo "2425"]
[BlackElo "2331"]
[PlyCount "67"]
[EventDate "2022.08.13"]
[EventType "swiss"]
[EventRounds "9"]
[EventCountry "ENG"]
[SourceTitle "CBM 209 Extra"]
[Source "ChessBase"]
[SourceDate "2022.09.30"]
[SourceVersion "1"]
[SourceVersionDate "2022.09.30"]
[SourceQuality "1"]

1. d4 Nf6 2. Nf3 e6 3. g3 d5 4. Bg2 Be7 5. 0-0 0-0 6. c4 dxc4 7. Qc2 a6 8. a4 Bd7 9. Qxc4 Bc6 10. Bg5 a5 11. Nc3 Na6 12. Rfd1 Nb4 13. Rac1 Re8 14. h4 h6 15. Bxf6 Bxf6 16. e4 Qd7 17. b3 b6 18. Qe2 Bb7 19. Qe3 Bd8 20. g4 Qe7 21. g5 hxg5 22. hxg5 c5 23. dxc5 Qxc5 24. Qf4 Qe7 25. Nb5 Rf8 26. g6 fxg6 27. Qg4 g5 28. Nbd4 Bc8 29. Rxc8 Rxc8 30. Nxe6 Rc5 31. Bf1 Re8 32. Nxc5 Qxc5 33. Bc4+ Kf8 34. Qh5 1-0

[Event "BCF-chT 2122 (4NCL)"]
[Site "England"]
[Date "2022.06.25"]
[Round "10.35"]
[White "Eggleston, David"]
[Black "Mihalik, Agoston"]
[Result "1/2-1/2"]
[WhiteElo "2343"]
[BlackElo "2165"]
[PlyCount "107"]
[EventDate "2021.11.27"]
[EventType "team-swiss"]
[EventRounds "11"]
[EventCountry "ENG"]
[SourceTitle "EXT 2023"]
[Source "ChessBase"]
[SourceDate "2022.10.05"]
[SourceVersion "1"]
[SourceVersionDate "2022.10.05"]
[SourceQuality "1"]
[WhiteTeam "Cheddleton"]
[BlackTeam "West is Best"]
[WhiteTeamCountry "ENG"]
[BlackTeamCountry "ENG"]

1. e4 c5 2. Nf3 e6 3. d4 cxd4 4. Nxd4 Bc5 5. Nc3 Qb6 6. Na4 Qa5+ 7. c3 Bxd4 8. Qxd4 e5 9. Qc5 Qxc5 10. Nxc5 d6 11. Nb3 Nc6 12. f3 Nge7 13. Bg5 f6 14. Bh4 Be6 15. 0-0-0 0-0-0 16. c4 b6 17. Bf2 Kb7 18. Nd2 f5 19. Nb1 fxe4 20. fxe4 Rhf8 21. Be3 Ng8 22. Nc3 Nf6 23. Be2 Bg4 24. Rhe1 a6 25. b3 h6 26. h3 Bxe2 27. Rxe2 Ne7 28. Red2 Kc7 29. Kb2 Nh5 30. a4 Nf4 31. Ra1 Nc6 32. Ka3 Kb7 33. Rad1 Rf6 34. Rf1 Rdf8 35. Rf3 g5 36. Rdf2 Nh5 37. Rxf6 Rxf6 38. Rd2 Ne7 39. b4 Nf4 40. c5 bxc5 41. bxc5 Kc6 42. Kb4 dxc5+ 43. Bxc5 Neg6 44. Kc4 h5 45. Rb2 Kd7 46. Rb7+ Kc8 47. Rg7 Rc6 48. Rg8+ Kd7 49. Nd5 Nxg2 50. Rg7+ Kd8 51. Rg8+ Kd7 52. Nb6+ Kc7 53. Rg7+ Kd8 54. Rg8+ 1/2-1/2